000 00612nam a2200193Ia 4500
003 GCL
008 140319s9999 xx 000 0 ara d
040 _aGCL /
_cGCL
082 0 4 _a213.9
_bح ط
100 1 _aحسين بن محمد على جابر
245 1 0 _aالطريق الى جماعه المسلمين /
_cحسين بن محمد على جابر
260 _a[S.N] :
_bدار الوفاء للطباعة والنشر والتوزيع ،
_c1987
300 _a467 ص
490 _a
650 0 4 _aالاسلام
650 0 4 _aدعوة
650 0 4 _aالاخوان المسلمون
942 _2ddc
_cBK
999 _c28261
_d28261